WWE Champions by Year - 2024 - Statistics

General Stats
  • This quiz has been taken 408 times
  • The average score is 35 of 43
Answer Stats
Title Date Event Wrestler % Correct
WWE Championship April 7 WrestleMania XL Cody Rhodes
100%
World Heavyweight August 3 SummerSlam Gunther
95%
Intercontinental April 6 WrestleMania XL Sami Zayn
94%
World Heavyweight April 7 WrestleMania XL Damian Priest
93%
World Heavyweight April 7 WrestleMania XL Drew McIntyre
93%
Intercontinental September 23 Raw Jey Uso
93%
Women's World May 25 King & Queen of the Ring Liv Morgan
93%
WWE Women's April 7 WrestleMania XL Bayley
90%
Intercontinental August 3 SummerSlam Bron Breakker
90%
Intercontinental October 21 Raw Bron Breakker
90%
Women's United States December 14 Saturday Night's Main Event Chelsea Green
89%
WWE Women's August 3 SummerSlam Nia Jax
89%
Women's World April 22 Raw Becky Lynch
88%
United States August 3 SummerSlam LA Knight
88%
World Tag Team June 24 Raw Finn Bálor
86%
United States November 30 Survivor Series Shinsuke Nakamura
86%
Women's Tag Team May 4 Backlash Bianca Belair
85%
Women's Tag Team August 31 Bash in Berlin Bianca Belair
85%
World Tag Team April 6 WrestleMania XL R-Truth
85%
World Tag Team April 6 WrestleMania XL The Miz
85%
WWE Tag Team April 6 WrestleMania XL Austin Theory
83%
Women's Tag Team May 4 Backlash Jade Cargill
83%
Women's Tag Team August 31 Bash in Berlin Jade Cargill
83%
WWE Tag Team April 6 WrestleMania XL Grayson Waller
81%
World Tag Team June 24 Raw JD McDonagh
81%
WWE Tag Team July 5 Smackdown Johnny Gargano
81%
WWE Tag Team December 6 Smackdown Johnny Gargano
81%
World Tag Team December 16 Raw Erik
80%
World Tag Team December 16 Raw Ivar
80%
WWE Tag Team July 5 Smackdown Tommaso Ciampa
80%
WWE Tag Team December 6 Smackdown Tommaso Ciampa
80%
WWE Tag Team October 25 Smackdown Alex Shelley
74%
WWE Tag Team October 25 Smackdown Chris Sabin
73%
Women's Tag Team January 26 Smackdown Asuka
72%
WWE Tag Team August 2 Smackdown Tonga Loa
71%
Speed June 14 Speed Andrade
69%
WWE Tag Team August 2 Smackdown Tama Tonga
69%
Women's Tag Team January 26 Smackdown Kairi Sane
68%
Speed May 3 Speed Ricochet
65%
Women's Tag Team June 15 Clash at the Castle Alba Fyre
62%
Women's Speed October 9 Speed Candice LeRae
58%
Women's Tag Team June 15 Clash at the Castle Isla Dawn
58%
Speed November 20 Speed Dragon Lee
55%
No matching quizzes found
Score Distribution
Percent of People with Each Score
Percentile by Number Answered
Your Score History
You have not taken this quiz